Corporate restructuring : (Record no. 58574)
[ view plain ]
| 000 -LEADER | |
|---|---|
| fixed length control field | 01305nam a2200337 a 4500 |
| 001 - CONTROL NUMBER | |
| control field | 58574 |
| 003 - CONTROL NUMBER IDENTIFIER | |
| rucl marc code | BD-RjUL |
| 005 - DATE AND TIME OF LATEST TRANSACTION | |
| control field | 20211209080633.0 |
| 008 - FIXED-LENGTH DATA ELEMENTS--GENERAL INFORMATION | |
| fixed length control field | 161219s2005 dcua b i100 0 eng |
| 020 ## - INTERNATIONAL STANDARD BOOK NUMBER | |
| International Standard Book Number | 9788213592826 |
| International Standard Book Number | 0821359282 (pbk.) |
| 035 ## - SYSTEM CONTROL NUMBER | |
| System control number | (BD-RjUL)58698 |
| 040 ## - CATALOGING SOURCE | |
| Original cataloging agency | DLC |
| Transcribing agency | DLC |
| Modifying agency | BD-RjUL |
| Language of cataloging | eng |
| 041 ## - LANGUAGE CODE | |
| Language code of text/sound track or separate title | eng |
| 082 00 - DEWEY DECIMAL CLASSIFICATION NUMBER | |
| Classification number | 658.16 |
| Edition number | 23 |
| Author mark and year | COR 2005 |
| 245 00 - TITLE STATEMENT | |
| Title | Corporate restructuring : |
| Remainder of title | lessons from experience / |
| Statement of responsibility, etc. | edited by Michael Pomerleano, William Shaw. |
| 260 ## - PUBLICATION, DISTRIBUTION, ETC. (IMPRINT) | |
| Place of publication, distribution, etc. | Washington, D.C. : |
| Name of publisher, distributor, etc. | World Bank, |
| Date of publication, distribution, etc. | 2005. |
| 300 ## - PHYSICAL DESCRIPTION | |
| Pagination | xlix, 382 p. : |
| Illustrations | ill. ; |
| Size | 24 cm. |
| 500 ## - GENERAL NOTE | |
| General note | Presentations from a conference, "Corporate Restructuring--International Best Practices," hosted in March 2004 by the World Bank Group and held in Washington, D.C. |
| 504 ## - BIBLIOGRAPHY, ETC. NOTE | |
| Bibliography, etc | Includes bibliographical references. |
| 650 #0 - SUBJECT ADDED ENTRY--TOPICAL TERM | |
| Topical term or geographic name as entry element | Corporate reorganizations |
| Form subdivision | Congresses. |
| 9 (RLIN) | 174033 |
| Topical term or geographic name as entry element | Consolidation and merger of corporations |
| Form subdivision | Congresses. |
| 9 (RLIN) | 174034 |
| Topical term or geographic name as entry element | Financial crises |
| Form subdivision | Congresses |
| 9 (RLIN) | 174035 |
| Topical term or geographic name as entry element | Bankruptcy |
| Form subdivision | Congresses. |
| 9 (RLIN) | 174036 |
| Topical term or geographic name as entry element | International finance |
| Form subdivision | Congresses. |
| 9 (RLIN) | 174037 |
| 700 1# - ADDED ENTRY--PERSONAL NAME | |
| Personal name | Pomerleano, Michael. |
| Personal name | Shaw, William, |
| Dates associated with a name | 1953- |
| 710 2# - ADDED ENTRY--CORPORATE NAME | |
| Corporate name or jurisdiction name as entry element | World Bank. |
| 9 (RLIN) | 171728 |
| 942 ## - ADDED ENTRY ELEMENTS (KOHA) | |
| Source of classification or shelving scheme | Dewey Decimal Classification |
| Koha item type | Books |
| Lost status | Source of classification or shelving scheme | Damaged status | Not for loan | Collection code | Permanent Location | Current Location | Shelving location | Date acquired | Source of acquisition | Total Checkouts | Full call number | Date last seen | Copy number | Koha item type |
|---|---|---|---|---|---|---|---|---|---|---|---|---|---|---|
| Dewey Decimal Classification | Not For Loan | Non-fiction | Central Library, University of Rajshahi | Central Library, University of Rajshahi | Reading Room | 21/04/2007 | Japan Foundation | 658.16 COR 2005 | 19/12/2016 | C-1 | Books |